000 01704cam a22004817a 4500
003 CHAP
005 20260210122824.0
008 971013s1992 r 00010 d
010 _a7588
011 _a8560
035 _a7789
040 _cCHAP
090 _aFolleto 14027
100 1 0 _aDelgado Mendoza, Francisco Javier
_931635
245 1 3 _aEl riesgo en proyectos agropecuarios de inversión y alternativas para su disminución
260 _aMorelia, Mich. :
_bFIRA,
_c1992
300 _a64 p.
410 _aFIRA
490 0 _aBoletin informativo
_v; 25 (243)
500 _ac.4 en bodega
590 _aBATCH-UPD
_b10
_c20130109
_lUCH01
_h2350
590 _aBATCH-UPD
_b10
_c20130110
_lUCH01
_h0245
590 _aBATCH-UPD
_b10
_c20130110
_lUCH01
_h0949
590 _aBATCH-UPD
_b10
_c20130409
_lUCH01
_h1922
590 _aBATCH-UPD
_b10
_c20130410
_lUCH01
_h0604
590 _aBATCH-UPD
_b10
_c20130914
_lUCH01
_h0649
590 _aBATCH-UPD
_b10
_c20130914
_lUCH01
_h2133
590 _aCONVERSION
_b10
_c20130109
_lUCH01
_h1305
650 1 4 _aAgricultura
_xAspectos económicos.
650 1 4 _aCrédito agrícola.
_929022
650 1 4 _aInversiones
_zMéxico.
_960189
650 1 4 _aPolítica agrícola.
_990283
700 0 _aQuintero Lizaola, Humberto.
_993422
700 0 _aVela González, Rodolfo.
_9118352
710 0 _aFideicomisos Instituídos en Relación con la Agricultura. México.
_940733
810 _aFIRA
_941029
830 0 _aBoletin informativo
_v; 25 (243)
901 _aBK
942 _cFOLL
949 _aFolleto 14027
_bBC
_cFOLL
_d-17633
_eTS1
_i7789
_si
949 _aFolleto 14027
_bBC
_cFOLL
_d-17634
_eTS2
_fc.2
_i7789
_si
949 _aFolleto 14027
_bBC
_cFOLL
_d-17635
_eTS2
_fc.3
_i7789
_si
999 _c7588
_d7588